[Event "Mediterranean Open"]
[Site "Rijeka CRO"]
[Date "2008.12.02"]
[Round "5"]
[White "Saric,Iv"]
[Black "Javakhishvili,L"]
[Result "1/2-1/2"]
[WhiteElo "2516"]
[BlackElo "2473"]

1.e4 c5 2.Nf3 Nc6 3.d4 cxd4 4.Nxd4 Qc7 5.Nc3 e6 6.Be3 a6 7.Qd2 Nf6 8.O-O-O Bb4
9.f3 Ne5 10.Nb3 b5 11.Qd4 Nc6 12.Qb6 Qxb6 13.Bxb6 Bxc3 14.bxc3 d5 15.Nc5 Ne5
16.Bc7 Ned7 17.Nxd7 Bxd7 18.exd5 Nxd5 19.Ba5 Rc8 20.Kb2 Ne3 21.Rd6 Bc6 22.Bb6 Nd5
23.Bd4 Bb7 24.Bxg7 Rg8 25.Be5 Ke7 26.Bd3 f6 27.Bg3 h5 28.Re1 e5 29.Bxe5 fxe5
30.Rh6 Kf7 31.Rxe5 Rxg2 32.Rexh5 Nf4 33.Rh7+ Kg8 34.Rh8+ Kg7 35.R8h7+ Kg8
36.Rh8+  1/2-1/2

[Event "III Open"]
[Site "Palma de Mallorca ESP"]
[Date "2008.12.08"]
[Round "3"]
[White "Munar Rossello,P"]
[Black "Pogorelov,R"]
[Result "0-1"]
[WhiteElo "2098"]
[BlackElo "2441"]

1.e4 c5 2.Nf3 Nc6 3.d4 cxd4 4.Nxd4 Qc7 5.Nc3 e6 6.Be3 a6 7.Qd2 Nf6 8.O-O-O Bb4
9.f3 Ne5 10.Nb3 d5 11.Bd4 O-O 12.Qg5 Bd6 13.Kb1 dxe4 14.fxe4 b5 15.Bxb5 h6
16.Qh4 axb5 17.Nxb5 Qc6 18.Nxd6 Qxd6 19.Qg3 Nfd7 20.Nc5 f6 21.Nxd7 Qxd7 22.Bxe5 Qa4
23.Bd6 Qxa2+ 24.Kc1 Rd8 25.e5 Qa1+ 26.Kd2 Qxb2 27.exf6 Qxf6 28.Rhf1 Qd4+
29.Ke1 Ra1 30.Ke2 Ba6+ 31.Rd3 Bxd3+ 32.cxd3 Ra2+  0-1

[Event "TCh-ISR 2008-9"]
[Site "Israel ISR"]
[Date "2008.12.12"]
[Round "1"]
[White "Delchev,A"]
[Black "Bar,R"]
[Result "1-0"]
[WhiteElo "2632"]
[BlackElo "2442"]

1.e4 c5 2.Nf3 Nc6 3.d4 cxd4 4.Nxd4 Qc7 5.Nc3 e6 6.Be2 a6 7.O-O Nf6 8.Be3 Bb4
9.Na4 Be7 10.Nxc6 bxc6 11.Nb6 Rb8 12.Nxc8 Qxc8 13.Bd4 c5 14.Be5 Rb6 15.b3 O-O
16.Qd3 d5 17.exd5 Nxd5 18.Rad1 Bf6 19.Bxf6 Nxf6 20.Qc3 h6 21.Qa5 Qc7 22.Bf3 c4
23.b4 c3 24.Rd3 Rfb8 25.Rfd1 e5 26.Be2 e4 27.Rd4 Qe7 28.a3 e3 29.f3 Kh7 30.Qf5+ Kg8
31.Qc5 Qxc5 32.bxc5 Rc6 33.Rd8+ Rxd8 34.Rxd8+ Kh7 35.Bd3+ g6 36.Rd6 Rxd6
37.cxd6 Kg7 38.Bxa6 Kf8 39.Bb5 Nd5 40.g3 f5 41.Kf1 g5 42.Ke2 f4 43.gxf4 gxf4
44.Kd3  1-0

[Event "TCh-SLO"]
[Site "Murska Sobota SLO"]
[Date "2008.12.12"]
[Round "7"]
[White "Sakelsek,T"]
[Black "Gombac,Jan"]
[Result "1-0"]
[WhiteElo "2403"]
[BlackElo "2290"]

1.e4 c5 2.Nf3 Nc6 3.d4 cxd4 4.Nxd4 Qc7 5.Nc3 e6 6.Be3 Nf6 7.f3 Bb4 8.Nb5 Qb8
9.Qd2 d5 10.a3 Bxc3 11.Nxc3 dxe4 12.Bf4 e5 13.Bg5 exf3 14.Bxf6 gxf6 15.Ne4 f5
16.Nf6+ Ke7 17.Qg5 h6 18.Nd5+ Kf8 19.Qf6 f2+ 20.Kxf2 Rh7 21.Bb5 Be6 22.Rad1 Qd8
23.Bxc6 bxc6 24.Qxd8+ Rxd8 25.Nf6 Rb8 26.Nxh7+ Kg7 27.b3 Kxh7 28.Rhe1 e4
29.Rd6 Rc8 30.g3 Kg7 31.Red1 Kf6 32.Rd8 Rc7 33.Ke3 c5 34.Ra8 c4 35.b4 c3
36.Rb8 Kg5 37.Rb5 Kg4 38.Rc5 Rxc5 39.bxc5 Kh3 40.c6 Kxh2 41.c7 Kxg3 42.Rg1+ Kh2
43.Rg8 h5 44.c8=Q Bxc8 45.Rxc8 h4 46.Rc5 h3 47.Rxf5 Kg2 48.Rxf7 h2 49.Rh7  1-0

[Event "XXI Carlos Torre"]
[Site "Merida MEX"]
[Date "2008.12.13"]
[Round "1"]
[White "Contreras Torres,J"]
[Black "Quezada Perez,Y"]
[Result "0-1"]
[WhiteElo "2196"]
[BlackElo "2580"]

1.e4 c5 2.Nf3 Nc6 3.d4 cxd4 4.Nxd4 Qc7 5.Nc3 e6 6.Be2 a6 7.O-O Nf6 8.Be3 Bb4
9.Nxc6 bxc6 10.f4 Bxc3 11.bxc3 Nxe4 12.Qd4 Nf6 13.f5 e5 14.Qh4 h6 15.c4 c5
16.Rab1 d6 17.Bg5 Ke7 18.Bxf6+ gxf6 19.Qe4 Rb8 20.Bf3 Bd7 21.Rfd1 Rb6 22.Rxb6 Qxb6
23.c3 Rb8 24.Qd3 Ba4 25.Rd2 Qc7 26.Qd5 Bd7 27.Bh5 Rf8 28.Rb2 Bc6 29.Qd3 Rb8
30.Rd2 Rb6 31.Qe3 Qd7 32.Qd3 a5 33.h3 a4 34.Rd1 a3  0-1

[Event "15th Croatian Open A"]
[Site "Zadar CRO"]
[Date "2008.12.15"]
[Round "2"]
[White "Urukalovic,R"]
[Black "Bilobrk,F"]
[Result "1/2-1/2"]
[WhiteElo "2273"]
[BlackElo "2372"]

1.e4 c5 2.Nf3 Nc6 3.d4 cxd4 4.Nxd4 Qc7 5.Nc3 e6 6.Be3 a6 7.Qd2 Nf6 8.O-O-O Bb4
9.f3 Ne5 10.Nb3 b5 11.Kb1 Nc4 12.Bxc4 bxc4 13.Nc1 O-O 14.N1e2 Qb7 15.Ka1 d5
16.Bg5 Be7 17.e5 Ne8 18.Bxe7 Qxe7 19.Nd4 Bd7 20.f4 Nc7 21.g4 Rab8 22.Nce2 Rb6
23.Qe3 Rfb8 24.Rb1 a5 25.f5 Na6 26.Ng3 Nb4 27.f6 Qc5 28.Qg5 g6 29.Qh6 Qf8
30.Qe3 Qc5 31.Qh6 Qf8 32.Qe3 Qc5  1/2-1/2

[Event "8th Amplico AIG Life Rapid"]
[Site "Warsaw POL"]
[Date "2008.12.20"]
[Round "2"]
[White "Zakoscielna,K"]
[Black "Macieja,B"]
[Result "0-1"]
[WhiteElo "2147"]
[BlackElo "2600"]

1.e4 c5 2.Nf3 Nc6 3.d4 cxd4 4.Nxd4 Qc7 5.Nc3 e6 6.Be2 a6 7.O-O Nf6 8.Kh1 Nxd4
9.Qxd4 Bc5 10.Qd3 b5 11.f4 Bb7 12.Bf3 h5 13.Be3 Ng4 14.Bxc5 Qxc5 15.Bxg4 hxg4
16.e5 Qc6 17.Qg3 b4 18.Ne2 Qxc2 19.Qxg4 Qh7 20.Qg3 Rc8 21.Rac1 O-O 22.Nd4 Rxc1
23.Rxc1 Qe4 24.Nf3 Qe3 25.Re1 Qd3 26.Ng5 Qxg3 27.hxg3 Rc8 28.Re2 Kf8 29.g4 Ke7
30.Kh2 a5 31.Kg3 a4 32.Ne4 Bd5 33.f5 Bxa2 34.f6+ gxf6 35.exf6+ Kf8 36.Nd6 Rc6
37.Re5 Rxd6 38.Rh5 Kg8 39.Rg5+ Kh7 40.Rg7+ Kh8 41.Rxf7 e5 42.Rf8+ Kh7 43.g5 Kg6
44.Kh4 Rd4+ 45.g4 Be6 46.Ra8 Rxg4+ 47.Kh3 a3 48.bxa3 bxa3 49.Rxa3 Ra4+  0-1

[Event "8th Amplico AIG Life Rapid"]
[Site "Warsaw POL"]
[Date "2008.12.20"]
[Round "6"]
[White "Nurkiewicz,M"]
[Black "Macieja,B"]
[Result "1/2-1/2"]
[WhiteElo "2380"]
[BlackElo "2600"]

1.e4 c5 2.Nf3 Nc6 3.d4 cxd4 4.Nxd4 Qc7 5.Nc3 e6 6.Be3 a6 7.a3 b5 8.Be2 Bb7
9.f4 Nf6 10.Nxc6 Bxc6 11.e5 Bxg2 12.Bf3 Bxh1 13.Bxh1 Nd5 14.Nxd5 exd5 15.Qxd5 Rc8
16.Rd1 Be7 17.Be4 Bh4+ 18.Kf1 Qc4+ 19.Qxc4 Rxc4 20.Bf5 Rc7 21.Bb6 Rb7 22.Ba5 Bd8
23.Be4 Rb8 24.Bc3 a5 25.Bf5 Rb7 26.Be4 Rb8 27.Bf5 Rb7 28.Be4 Ra7 29.Bd4 Rc7
30.c3 Be7 31.Bd3 b4 32.Bb6 Rc8 33.Bxa5 bxa3 34.bxa3 Bxa3 35.Bf5 O-O 36.Rxd7 Rc5
37.Bc7 Rxc3 38.e6 Re3 39.Be5 Rxe5 40.exf7+ Rxf7 41.Rxf7 Re3 42.Ra7 g6 43.Bg4 Bc5
44.Rb7 Bd6 45.f5 gxf5 46.Be2 Bxh2 47.Bc4+ Kh8 48.Rf7 f4 49.Kg2 Bg3 50.Bb5 h5
51.Bc6 h4 52.Bd5 Re5 53.Bc4 Rc5 54.Be6 Rc2+ 55.Kh3 Rc6 56.Bd5 Rd6 57.Bc4 Rg6
58.Bd5 Rg5 59.Bc4 Rc5 60.Be6 Rc6 61.Bd5 Rg6 62.Bc4 Rd6 63.Ba2 Rd2 64.Bc4 Rh2+
65.Kg4 Rd2 66.Kh3 Rd1 67.Bb3 Rh1+ 68.Kg4 h3 69.Kg5 Rc1 70.Rf8+ Kg7 71.Rf7+ Kh8
72.Rf8+  1/2-1/2

[Event "8th Amplico AIG Life Rapid"]
[Site "Warsaw POL"]
[Date "2008.12.20"]
[Round "8"]
[White "Piorun,K"]
[Black "Macieja,B"]
[Result "1-0"]
[WhiteElo "2472"]
[BlackElo "2600"]

1.e4 c5 2.Nf3 Nc6 3.d4 cxd4 4.Nxd4 Qc7 5.Nc3 e6 6.Be3 a6 7.Qd2 Nf6 8.O-O-O Be7
9.f3 h5 10.Bd3 b5 11.Rhe1 Ne5 12.f4 Nxd3+ 13.Qxd3 b4 14.Nb1 a5 15.Nb5 Qc6
16.Bg1 O-O 17.Nd4 Qa4 18.e5 Nd5 19.Nf5 exf5 20.Qxd5 Ra6 21.Nd2 Rc6 22.Qb3 Qb5
23.Nf3 a4 24.Qd5 Qxd5 25.Rxd5 g6 26.Nd4 Rc7 27.Nb5 Rc4 28.g3 b3 29.axb3 axb3
30.c3 Ra4 31.Bc5 Bxc5 32.Rxc5 Ra1+ 33.Kd2 Ra2 34.Rb1 Bb7 35.Nd6 Bc6 36.Rc4 Rb8
37.Rb4 Rxb4 38.cxb4 Ra7 39.b5 Be4 40.Rc1 Ra4 41.Kc3 Bd5 42.b6 Ra6 43.Kd4 Bc6
44.Rxc6 dxc6 45.b7  1-0

[Event "8th Amplico AIG Life Rapid"]
[Site "Warsaw POL"]
[Date "2008.12.21"]
[Round "10"]
[White "Zawadzka,J"]
[Black "Macieja,B"]
[Result "0-1"]
[WhiteElo "2378"]
[BlackElo "2600"]

1.e4 c5 2.Nf3 Nc6 3.d4 cxd4 4.Nxd4 Qc7 5.Nc3 e6 6.Be3 a6 7.Qd2 Nf6 8.O-O-O Be7
9.f3 h5 10.Kb1 b5 11.h3 h4 12.Bd3 Bb7 13.Rhe1 d6 14.Qf2 Ne5 15.f4 Nxd3 16.cxd3 Qd7
17.Rc1 b4 18.Nce2 a5 19.Ng1 Nh5 20.Ngf3 Ng3 21.Qd2 O-O 22.Bf2 Rfc8 23.Ne2 d5
24.Nxg3 hxg3 25.Bxg3 Rxc1+ 26.Qxc1 b3 27.e5 bxa2+ 28.Ka1 Rc8 29.Qd1 d4 30.Nd2 Bxg2
31.Rg1 Bd5 32.Bf2 a4 33.Bxd4 Qb5 34.Ne4 Bxe4 35.dxe4 Qb3 36.Qe2 a3 37.Qa6 Rb8
38.Qe2 Rb4 39.Bc3 Rc4 40.Qd2 axb2+ 41.Bxb2 Rxe4 42.Qc3 Qxc3 43.Bxc3 Rxf4
44.Kxa2 Rf3 45.Kb3 Rxh3 46.Kc4 g6 47.Bd4 Kg7 48.Ra1 Bg5 49.Rf1 Be3 50.Bc3 g5
51.Bb4 Bf4 52.Bd6 Kg6 53.Kd4 Kf5 54.Bb4 g4 55.Be1 Rf3 56.Rxf3 gxf3 57.Bf2 Bxe5+
58.Ke3 Kg4 59.Ke4 Bg3  0-1

[Event "Open A"]
[Site "Groningen NED"]
[Date "2008.12.22"]
[Round "2"]
[White "Van der Wiel,J"]
[Black "Clemens,A"]
[Result "1-0"]
[WhiteElo "2501"]
[BlackElo "2261"]

1.e4 c5 2.Nf3 Nc6 3.d4 cxd4 4.Nxd4 Qb6 5.Nb3 Nf6 6.Nc3 e6 7.Qe2 Bb4 8.Bd2 O-O
9.a3 Be7 10.e5 Nd5 11.Nxd5 exd5 12.O-O-O d6 13.exd6 Bxd6 14.Qh5 Ne5 15.Be3 Qc7
16.Bd3 Nxd3+ 17.Rxd3 Be6 18.Kb1 b5 19.Rc3 Qd7 20.Nc5 Qe7 21.Bg5 f6 22.Nxe6 Qxe6
23.Bd2 g6 24.Qf3 Rad8 25.Rd1 Qe4 26.Qh3 d4 27.Rd3 Rc8 28.Bh6 Rfd8 29.Rxd4 Qxc2+
30.Ka2  1-0

[Event "1st Asian Clubs"]
[Site "Al Ain UAE"]
[Date "2008.12.28"]
[Round "4"]
[White "Nitin,S"]
[Black "Wen Yang"]
[Result "1/2-1/2"]
[WhiteElo "2389"]
[BlackElo "2508"]

1.e4 c5 2.Nf3 Nc6 3.d4 cxd4 4.Nxd4 Qc7 5.Nb5 Qb8 6.Bd3 Nf6 7.f4 d6 8.O-O a6
9.N5c3 e6 10.Be3 Be7 11.Qf3 Qc7 12.Nd2 O-O 13.Qh3 Nb4 14.a3 Nxd3 15.cxd3 b5
16.Nf3 Nd7 17.f5 exf5 18.Nd5 Qd8 19.Nd4 Ne5 20.Nxf5 Bxf5 21.exf5 Nd7 22.f6 Bxf6
23.Rxf6 Nxf6 24.Bb6 Nxd5 25.Bxd8 Raxd8 26.Qf3 Nf6 27.Qc6 Ra8 28.Qxd6 Rfd8
29.Qc6 Rdc8 30.Qb7 Rcb8 31.Qf3 Ra7 32.Rc1 Rd8 33.Rc6 h5 34.Qg3 Kf8 35.h3 Rad7
36.Rxa6 Rxd3 37.Qe5  1/2-1/2

[Event "5th Open"]
[Site "Vandoeuvre les Nancy FRA"]
[Date "2008.12.28"]
[Round "5"]
[White "Grosdemange,D"]
[Black "Taddei,B"]
[Result "0-1"]
[WhiteElo "1930"]
[BlackElo "2312"]

1.e4 c5 2.Ne2 Nc6 3.d4 cxd4 4.Nxd4 Qb6 5.Nb3 Nf6 6.Bd3 d5 7.exd5 Nxd5 8.O-O e5
9.Qf3 Nf6 10.Nc3 Be7 11.Be3 Qb4 12.Bg5 Be6 13.Ne4 Nxe4 14.Bxe4 Bxg5 15.Bxc6+ bxc6
16.Qxc6+ Ke7 17.Qc7+ Kf6 18.Nc5 Rhc8 19.Nd7+ Bxd7 20.Qxd7 Qd4  0-1

[Event "Open"]
[Site "Pamplona ESP"]
[Date "2008.12.29"]
[Round "9"]
[White "Huerga Leache,M"]
[Black "Navarro Cia,M"]
[Result "1-0"]
[WhiteElo "2417"]
[BlackElo "2318"]

1.e4 c5 2.Nf3 Nc6 3.d4 cxd4 4.Nxd4 Qc7 5.Nc3 e6 6.Be3 a6 7.Be2 Nf6 8.O-O Bb4
9.Na4 O-O 10.Nxc6 bxc6 11.Nb6 Rb8 12.Nxc8 Rfxc8 13.Bxa6 Rf8 14.Bd3 Bd6 15.g3 Be5
16.a4 Bxb2 17.Ra2 Qa5 18.Bd2 Bc3 19.Bxc3 Qxc3 20.a5 d5 21.Qe1 Qd4 22.exd5 exd5
23.a6 Rfe8 24.a7 Ra8 25.Qa1 Qg4 26.Re1 Rxe1+ 27.Qxe1 Qd7 28.Qa5 Qb7 29.Qa6 Qxa6
30.Rxa6 Ne8 31.Bf5 Nc7 32.Rb6 Kf8 33.Rb8+ Ke7 34.Rxa8 Nxa8 35.Bc8 Kd6 36.Bb7 Nc7
37.a8=Q Nxa8 38.Bxa8 c5 39.Kf1 d4 40.Be4 g6 41.h4 h6 42.Bd3 Kd5 43.Bb5 g5
44.Be8 Ke6 45.Ke2 c4 46.Kf3 f5 47.hxg5 hxg5 48.g4 d3 49.cxd3 cxd3 50.Bg6 fxg4+
51.Kxg4 d2 52.Bc2 Kf6 53.f3  1-0

[Event "5th Open"]
[Site "Vandoeuvre les Nancy FRA"]
[Date "2008.12.30"]
[Round "9"]
[White "Goldsztejn,Gi"]
[Black "Taddei,B"]
[Result "1/2-1/2"]
[WhiteElo "2415"]
[BlackElo "2312"]

1.e4 c5 2.Nf3 Nc6 3.d4 cxd4 4.Nxd4 Qb6 5.Nb3 Nf6 6.Nc3 e6 7.Be3 Qc7 8.f4 Bb4
9.Bd3 Bxc3+ 10.bxc3 e5 11.f5 b6 12.c4 d6 13.O-O Nb8 14.a4 a5 15.Nd2 Bb7 16.Qf3 Nbd7
17.Nb1 Qc6 18.Nc3 Ba6 19.Rfd1 h6 20.Rab1 Ke7 21.Qe2 Rhc8 22.Qd2 Rab8 23.Nd5+ Ke8
24.Qf2 Bxc4 25.Qg3 Bxd5 26.exd5 Qxa4 27.Qxg7 Ke7 28.Ra1 Qb4 29.Rab1 Qa4 30.Ra1 Qb4  1/2-1/2

[Event "1st Asian Clubs"]
[Site "Al Ain UAE"]
[Date "2008.12.31"]
[Round "7"]
[White "Gomez,Joh"]
[Black "Zhou Jianchao"]
[Result "1/2-1/2"]
[WhiteElo "2519"]
[BlackElo "2612"]

1.e4 c5 2.Nf3 Nc6 3.d4 cxd4 4.Nxd4 Qc7 5.Nc3 e6 6.Be3 a6 7.Bd3 Nf6 8.O-O Nxd4
9.Bxd4 Bc5 10.Bxc5 Qxc5 11.Re1 d6 12.Qd2 e5 13.Rad1 Be6  1/2-1/2

[Event "38th Rilton Cup 2008-9"]
[Site "Stockholm SWE"]
[Date "2009.01.04"]
[Round "8"]
[White "Lindberg,Be"]
[Black "Berczes,C"]
[Result "1-0"]
[WhiteElo "2406"]
[BlackElo "2399"]

1.e4 c5 2.Nf3 Nc6 3.d4 cxd4 4.Nxd4 Qc7 5.Nc3 e6 6.Be3 Nf6 7.Qd2 a6 8.O-O-O Bb4
9.f3 Ne7 10.Nde2 h6 11.a3 Bc5 12.Bxc5 Qxc5 13.Na4 Qc7 14.Qc3 Nc6 15.Qc5 b5
16.Nac3 Qe5 17.Qxe5 Nxe5 18.f4 Neg4 19.Rd4 d6 20.Rxd6 Nf2 21.Rg1 N2xe4 22.Nxe4 Nxe4
23.Rd4 Bb7 24.g3 Nf6 25.a4 bxa4 26.Rxa4 Ke7 27.Nd4 Rhd8 28.Bg2 Bxg2 29.Rxg2 Rd6
30.Re2 g6 31.f5 Nd5 32.fxe6 fxe6 33.Rc4 Kd7 34.Nf3 Rf8 35.Ne5+ Kd8 36.b3 Ne7
37.Nd3 Nc6 38.Nc5 e5 39.Nb7+ Kc7 40.Nxd6 Kxd6 41.Rd2+ Kc7 42.Rd5 Re8 43.Kd2 Re6
44.Ke3 Kb6 45.Ke4 Rf6 46.c3 a5 47.Rdc5 Nb8 48.Rc7 Na6 49.Rc8 Re6 50.Kd5 Re7
51.R8c6+ Ka7 52.Rxg6  1-0

[Event "Bela Perenyi Mem"]
[Site "Budapest HUN"]
[Date "2009.01.08"]
[Round "1"]
[White "Katona,T"]
[Black "Kiss,Pe2"]
[Result "1-0"]
[WhiteElo "1983"]
[BlackElo "1532"]

1.e4 c5 2.Nf3 Nc6 3.d4 cxd4 4.Nxd4 Qb6 5.Nb3 Nf6 6.Nc3 e6 7.Bd3 Bb4 8.Bd2 O-O
9.a3 Be7 10.Be3 Qc7 11.f4 d5 12.e5 Nd7 13.Qh5 g6 14.Qh6 Rd8 15.g4 a6 16.Rg1 b5
17.Rg3 Nf8 18.Ne2 Bb7 19.Rh3 Rac8 20.Ned4 Nxd4 21.Bxd4 a5 22.f5 exf5 23.gxf5 Re8
24.O-O-O f6 25.exf6 Bd6 26.Rh4 a4 27.fxg6 hxg6 28.Qh8+ Kf7 29.Qg7+ Ke6 30.Re1+ Be5
31.Rxe5+ Kd6 32.Rxe8 Rxe8 33.Qxc7+ Kxc7 34.Nc5 Ne6 35.f7 Rb8 36.Nxe6+ Kd7
37.f8=Q Rxf8 38.Nxf8+ Ke7 39.Nxg6+ Kd6 40.Rf4 Bc8 41.h4  1-0

[Event "6th ch-Mediterranean"]
[Site "Antalya TUR"]
[Date "2009.01.14"]
[Round "6"]
[White "Mijovic,S"]
[Black "Haznedaroglu,K"]
[Result "1/2-1/2"]
[WhiteElo "2300"]
[BlackElo "2451"]

1.e4 c5 2.Nf3 Nc6 3.d4 cxd4 4.Nxd4 Qb6 5.Nb3 Nf6 6.Nc3 e6 7.Qe2 Bb4 8.Bd2 O-O
9.a3 Be7 10.O-O-O d5 11.Be3 Qc7 12.exd5 Nxd5 13.Nxd5 exd5 14.Qh5 Be6 15.Nd4 Nxd4
16.Bxd4 Bf6 17.Bxf6 Qf4+ 18.Rd2 Qxf6 19.Bd3 g6 20.Qh6 Rfc8 21.h4 Rc7 22.Qg5 Kg7
23.f4 h6 24.Qxf6+ Kxf6 25.Rf1 Bg4 26.Re1 Re7 27.Rxe7 Kxe7 28.Be2 Bxe2 29.Rxe2+ Kd6
30.Kd2 b5 31.Kd3 a5 32.Re5 Rc8 33.c3  1/2-1/2

[Event "6th ch-Mediterranean"]
[Site "Antalya TUR"]
[Date "2009.01.17"]
[Round "9"]
[White "Emiroglu,C"]
[Black "Apaydin,F"]
[Result "0-1"]
[WhiteElo "2079"]
[BlackElo "2200"]

1.e4 c5 2.Nf3 Nc6 3.d4 cxd4 4.Nxd4 Qb6 5.Nb3 Nf6 6.Bd3 d6 7.O-O g6 8.c4 Bg7
9.Nc3 O-O 10.Be3 Qd8 11.h3 Be6 12.f4 Rc8 13.Qe2 Nb4 14.Nd4 Nxd3 15.Nxe6 fxe6
16.Qxd3 Nd7 17.Rad1 Qa5 18.Bd4 Bxd4+ 19.Qxd4 Nb6 20.b3 Rxf4 21.Rxf4 e5 22.Qf2 exf4
23.Nd5 Nxd5 24.Rxd5 Qc3 25.Qxf4 Qe1+ 26.Kh2 Rf8 27.Qd2 Qxe4 28.Kg3 Rf1 29.c5 h5
30.Kh2 h4 31.Rg5 Qb1 32.Qd5+ Kf8  0-1

[Event "IMB"]
[Site "Marianske Lazne CZE"]
[Date "2009.01.23"]
[Round "9"]
[White "Havlikova,K"]
[Black "Terekhov,A"]
[Result "1/2-1/2"]
[WhiteElo "2172"]
[BlackElo "2347"]

1.e4 c5 2.Nf3 Nc6 3.d4 cxd4 4.Nxd4 Qb6 5.Nb3 Nf6 6.Nc3 e6 7.Bd3 a6 8.O-O Qc7
9.f4 d6 10.Qf3 Be7 11.Be3 O-O 12.Rae1 Nb4 13.g4 Nd7 14.Nd4 b5 15.g5 g6 16.a3 Nxd3
17.cxd3 Bb7 18.Qh3 e5 19.Nde2 exf4 20.Bxf4 Ne5 21.Kg2 Qc8 22.Rd1 Qxh3+ 23.Kxh3 f6
24.gxf6 Rxf6 25.d4 Nc4 26.Bc1 Raf8 27.Kg2 a5 28.b3 Nxa3 29.Bxa3 b4 30.Bb2 bxc3
31.Nxc3 Ba6 32.Rxf6 Bxf6 33.Nd5 Bh4 34.Ba3 Be2 35.Rc1 Bf3+ 36.Kh3 Bxe4 37.Kxh4 Bxd5
38.Bxd6 Rd8 39.Bc7 Rc8 40.Rc3 Bxb3 41.Bxa5  1/2-1/2

[Event "TCh-HUN 2008-9"]
[Site "Budapest HUN"]
[Date "2009.01.25"]
[Round "6"]
[White "To,N"]
[Black "Cao Sang"]
[Result "0-1"]
[WhiteElo "2342"]
[BlackElo "2488"]

1.e4 c5 2.Nf3 Nc6 3.d4 cxd4 4.Nxd4 Qc7 5.Nc3 e6 6.Be3 a6 7.Qd2 Nf6 8.O-O-O Bb4
9.f3 Na5 10.Nb3 b5 11.Kb1 Nc4 12.Bxc4 bxc4 13.Nc1 Rb8 14.Bf4 e5 15.Bg5 Qa5
16.N1e2 d6 17.Bxf6 gxf6 18.Ka1 Be6 19.Qh6 Bxc3 20.Nxc3 Rxb2 21.Kxb2 Qb4+
22.Kc1 Qxc3 23.Rhe1 Qb4 24.Qe3 Ke7 25.a3 Qa5 26.Qa7+ Bd7 27.Qb7 Qxa3+ 28.Qb2 Qc5
29.Rd5 Qc7 30.Red1 Rb8 31.Qa3 Rb6 32.Kd2 Be6 33.Ra5 c3+ 34.Kc1 Bc8 35.Rd3 Rc6
36.Qb4 Qa7 37.Qa4 Qg1+ 38.Rd1 Qe3+ 39.Kb1 Qb6+  0-1

[Event "TCh-HUN 2008-9"]
[Site "Szombathely HUN"]
[Date "2009.01.25"]
[Round "6"]
[White "Madl,I"]
[Black "Lakos,N"]
[Result "1/2-1/2"]
[WhiteElo "2376"]
[BlackElo "2312"]

1.e4 c5 2.Nf3 Nc6 3.d4 cxd4 4.Nxd4 Qc7 5.Nc3 e6 6.g3 a6 7.Bg2 Nge7 8.O-O Nxd4
9.Qxd4 Nc6 10.Qd3 d6 11.f4 Be7 12.Be3 b5 13.a3 Rb8 14.Ne2 O-O 15.Rac1 Na5
16.b3  1/2-1/2

[Event "ch-PriFO"]
[Site "Kazan RUS"]
[Date "2009.01.27"]
[Round "7"]
[White "Fedotov,I"]
[Black "Volodin,I"]
[Result "1/2-1/2"]
[WhiteElo "2063"]
[BlackElo "2172"]

1.e4 c5 2.Nf3 Nc6 3.d4 cxd4 4.Nxd4 Qb6 5.Nb3 Nf6 6.Nc3 e6 7.a3 d6 8.Be2 Be7
9.O-O a6 10.Be3 Qc7 11.f4 b5 12.Qe1 O-O 13.Qg3 Bb7 14.Bd3 b4 15.Nd1 d5 16.e5 Ne4
17.Bxe4 dxe4 18.Nc5 Nd4 19.Bxd4 Bxc5 20.Bxc5 Qxc5+ 21.Qf2 Qxf2+ 22.Kxf2 bxa3
23.Rxa3 Rfd8 24.Ne3 Rd2+ 25.Ke1 Rad8 26.Rf2 R2d4 27.Rc3 R4d7 28.Nc4 Rd1+
29.Ke2 Rg1 30.Nd6 Bd5 31.Ra3 Rb8 32.b3 Rb6 33.Ke3 h5 34.c4 Ba8 35.Rb2 Re1+
36.Kf2 Rh1 37.h3 Rc1 38.b4 Bb7 39.Rbb3 e3+ 40.Kxe3 Bxg2 41.b5 axb5 42.Rxb5 Rxb5
43.cxb5 Rb1 44.Kf2 Bd5 45.Ra6 Rb3 46.b6 f6 47.b7 Bxb7 48.Nxb7 Rxb7 49.exf6 gxf6  1/2-1/2

[Event "ch-PriFO"]
[Site "Kazan RUS"]
[Date "2009.01.27"]
[Round "7"]
[White "Filipenko,A"]
[Black "Toropov,P"]
[Result "1-0"]
[WhiteElo "2360"]
[BlackElo "2170"]

1.e4 c5 2.Nf3 Nc6 3.d4 cxd4 4.Nxd4 Qb6 5.Nb5 a6 6.Be3 Qd8 7.Nd4 e6 8.g3 Qc7
9.Bg2 Nf6 10.O-O Be7 11.Nc3 O-O 12.f4 d6 13.Kh1 Bd7 14.Nb3 b5 15.a3 Rad8
16.g4 Bc8 17.g5 Nd7 18.f5 Rfe8 19.Qh5 g6 20.Qh3 Nde5 21.Rf4 Bf8 22.Raf1 b4
23.axb4 Nxb4 24.Nd4 d5 25.f6 dxe4 26.Rh4 h5 27.Nxe4 Ng4 28.Bg1 Rxd4 29.Bxd4 e5
30.Qg3 Qxc2 31.Bg1 Bb7 32.h3 Bxe4 33.hxg4 Bxg2+ 34.Qxg2 Qxg2+ 35.Kxg2 Rc8
36.gxh5 gxh5 37.Rxh5 Nd3 38.Be3 Rc2+ 39.Kf3 Rxb2 40.Rfh1 Bg7 41.Rh7 Ne1+
42.Ke4 Rb4+ 43.Kf5 Kf8 44.Rh8+  1-0

[Event "14th HIT Open"]
[Site "Nova Gorica SLO"]
[Date "2009.02.01"]
[Round "3"]
[White "Arsenault,N"]
[Black "Mazi,L"]
[Result "0-1"]
[WhiteElo "2229"]
[BlackElo "2377"]

1.e4 c5 2.Nf3 Nc6 3.d4 cxd4 4.Nxd4 Qb6 5.Nb3 Nf6 6.Nc3 e6 7.Bd3 d6 8.Be3 Qc7
9.Qe2 a6 10.a4 b6 11.O-O Be7 12.f3 O-O 13.Kh1 Re8 14.Qf2 Rb8 15.Rfc1 Nd7
16.Ne2 Nce5 17.Ned4 Nc5 18.Qe2 Bb7 19.f4 Ned7 20.Nd2 Rbc8 21.Qe1 Nf6 22.Bg1 e5
23.fxe5 dxe5 24.Nf5 Bf8 25.Bxc5 Qxc5 26.Qh4 Rc6 27.Nf3 g6 28.Qg5 h6 29.Qg3 Kh7
30.N5h4 Nh5 31.Qe1 Nf4 32.Bf1 Rd6 33.b4 Qc7 34.Ra3 Qe7 35.c4 Rc6 36.Rb3 Rc7
37.Qe3 Qf6 38.Rd1 Rec8 39.Qc3 Bxe4 40.Re1 Bb7 41.Qxe5 Bg7 42.Rbe3 Qxe5 43.Nxe5 Bf8
44.Rb1 Kg7 45.Nhf3 Rd8 46.Reb3 Be4 47.Rc1 h5 48.Re3 Bb7 49.Rb3 Be4 50.Re3 Bf5
51.c5 f6 52.Nc4 bxc5 53.Nb6 c4 54.Bxc4 Bxb4 55.Rb1  0-1

[Event "TCh-BEL 2008-9"]
[Site "Belgium BEL"]
[Date "2009.02.02"]
[Round "8"]
[White "Michiels,B"]
[Black "Lazarev,V"]
[Result "1-0"]
[WhiteElo "2427"]
[BlackElo "2479"]

1.e4 c5 2.Nf3 Nc6 3.d4 cxd4 4.Nxd4 Qc7 5.Nb5 Qb8 6.c4 Nf6 7.N5c3 b6 8.Be2 e6
9.O-O Bb7 10.f4 d6 11.Be3 Be7 12.Nd2 O-O 13.Bd3 Nd7 14.Rc1 Bf6 15.Bb1 Bd4
16.Qe2 a6 17.Nf3 Bxe3+ 18.Qxe3 Rd8 19.e5 g6 20.Ng5 dxe5 21.Qh3 Nf8 22.Nce4 Nd4
23.Nf6+ Kg7 24.fxe5 Ne2+ 25.Kh1 Nxc1 26.Ne8+ Rxe8 27.Rxf7+ Kg8 28.Qh6 Bxg2+
29.Kxg2 Qxe5 30.Rxf8+  1-0

[Event "Winter Open"]
[Site "Stillwater USA"]
[Date "2009.02.15"]
[Round "3"]
[White "Cao,K"]
[Black "Schuller,J"]
[Result "1-0"]
[WhiteElo "1924"]
[BlackElo "1866"]

1.e4 c5 2.Nf3 Nc6 3.d4 cxd4 4.Nxd4 Qb6 5.Nb3 Nf6 6.Nc3 e6 7.Be3 Qc7 8.Bd3 a6
9.O-O Be7 10.f4 d6 11.Qf3 Rb8 12.Rae1 O-O 13.Qg3 Kh8 14.Nd4 Nxd4 15.Bxd4 Ne8
16.e5 f6 17.Qh3 f5 18.Rf3 d5 19.g4 Bc5 20.Bxc5 Qxc5+ 21.Kf1 g6 22.g5 b5 23.Qh6 Rb7
24.Nd1 Rg7 25.h4 Bb7 26.h5 d4 27.Rg3 Rff7 28.Re2 Nc7 29.Rh2 Kg8 30.Rgh3 Nd5
31.hxg6 Rxg6 32.Qxg6+ hxg6 33.Rh8+ Kg7 34.R2h7+  1-0

[Event "ch-EST"]
[Site "Rakvere EST"]
[Date "2009.02.23"]
[Round "5"]
[White "Kanep,M"]
[Black "Seeman,T"]
[Result "0-1"]
[WhiteElo "2513"]
[BlackElo "2401"]

1.e4 c5 2.Nf3 Nc6 3.d4 cxd4 4.Nxd4 Qb6 5.Nb3 Nf6 6.Nc3 e6 7.Qe2 Bb4 8.Bd2 O-O
9.a3 Be7 10.O-O-O d5 11.e5 Ne8 12.f4 f6 13.exf6 Bxf6 14.g3 Nd6 15.Bh3 Re8
16.Be3 Qd8 17.Qd3 Nc4 18.Bg2 Kh8 19.Bf2 a5 20.g4 Qc7 21.Bg3 Nb4 22.axb4 axb4
23.Be1 bxc3 24.Bxc3 Qxf4+ 25.Kb1 Bxc3 26.Qxc3 Qe3 27.Qd4 Qxd4 28.Rxd4 Bd7
29.Re1 Bc6 30.Rd3 Rad8 31.Red1 Ne5 32.Rd4 Ng6 33.Rb4 e5 34.c3 e4 35.Rbd4 Ra8
36.Bf1 Ne5 37.h3 Rf8 38.Nc5 Rf2 39.R4d2 Rxd2 40.Rxd2 Rf8 41.Rd1 Kg8 42.Ne6 Rf2
43.Nd4 Nf3 44.Nxf3 Rxf3 45.h4 Kf7 46.Kc1 Rf2 47.Re1 Ke6 48.b4 Ba4 49.c4 Ke5
50.cxd5 Kxd5 51.Be2 Kd4 52.Bd1 Bxd1 53.Rxd1+ Kc3 54.Re1 Rf4 55.Rg1 e3  0-1

[Event "FSIMA March"]
[Site "Budapest HUN"]
[Date "2009.03.08"]
[Round "2"]
[White "Tesik,C"]
[Black "Mihok,O"]
[Result "0-1"]
[WhiteElo "2145"]
[BlackElo "2355"]

1.e4 c5 2.Nf3 Nc6 3.d4 cxd4 4.Nxd4 Qb6 5.Nb5 a6 6.Be3 Qd8 7.N5c3 Nf6 8.Nd2 d6
9.Be2 Rb8 10.a4 e6 11.O-O Be7 12.Nc4 b5 13.axb5 axb5 14.Nd2 b4 15.Nb5 O-O
16.f4 Bb7 17.Bd3 e5 18.f5 d5 19.Qf3 Na5 20.Rfd1 d4 21.Bf2 Bc6 22.Na7 Bd7
23.Nc4 Nxc4 24.Bxc4 Qc7 25.Qe2 Bc5 26.Nb5 Qb6 27.Na7 Qb7  0-1

[Event "FSIMA March"]
[Site "Budapest HUN"]
[Date "2009.03.10"]
[Round "4"]
[White "Tesik,C"]
[Black "Berczes,C"]
[Result "0-1"]
[WhiteElo "2145"]
[BlackElo "2383"]

1.e4 c5 2.Nf3 Nc6 3.d4 cxd4 4.Nxd4 Qc7 5.Nc3 e6 6.Be3 Nf6 7.f4 d6 8.Bd3 a6
9.Qf3 Be7 10.g4 Nxd4 11.Bxd4 e5 12.g5 exd4 13.gxf6 dxc3 14.fxe7 cxb2 15.Rb1 Be6
16.O-O Qb6+ 17.Qf2 Qxf2+ 18.Rxf2 Kxe7 19.Rxb2 b5 20.Rg2 g6 21.Kf2 Rhc8 22.Ke3 Rc3
23.f5 gxf5 24.Kd4 Rac8 25.exf5 Bxf5 26.Rb3 Rxb3 27.axb3 Bg6 28.b4 f5 29.Rg1 f4
30.Ra1 Bxd3 31.cxd3 Rf8 32.Rxa6 f3 33.Ra1 f2 34.Rf1 Ke6 35.Ke4 Rf5 36.Kd4 Rf4+
37.Ke3 Ke5 38.d4+ Kf5 39.h3 h6 40.Rxf2 Rxf2 41.Kxf2 Ke4  0-1

[Event "24th OCF FIDE P-66 Ch Cl"]
[Site "Bartlesville USA"]
[Date "2009.03.15"]
[Round "4"]
[White "Trammell,G"]
[Black "Schuller,J"]
[Result "1-0"]
[WhiteElo "2060"]
[BlackElo "1866"]

1.e4 c5 2.Nf3 Nc6 3.d4 cxd4 4.Nxd4 Qb6 5.Nb3 Nf6 6.Nc3 e6 7.Be3 Qc7 8.Bd3 Bb4
9.O-O Bxc3 10.bxc3 d6 11.Nd4 a6 12.f4 h5 13.h3 Na5 14.Qe1 Bd7 15.Rb1 Nc4
16.Bf2 Rc8 17.a4 Bxa4 18.Rb4 b5 19.Bxc4 bxc4 20.Rxa4 Qb7 21.e5 Ne4 22.exd6  1-0